<?xml version="1.0" encoding="UTF-8"?>
<record
    xmlns:xsi="http://www.w3.org/2001/XMLSchema-instance"
    xsi:schemaLocation="http://www.loc.gov/MARC21/slim http://www.loc.gov/standards/marcxml/schema/MARC21slim.xsd"
    xmlns="http://www.loc.gov/MARC21/slim">

  <leader>01253nam a2200265Ia 4500</leader>
  <controlfield tag="003">Ost</controlfield>
  <controlfield tag="005">20260507075127.0</controlfield>
  <controlfield tag="008">260507s9999||||xx |||||||||||||| ||und||</controlfield>
  <datafield tag="020" ind1=" " ind2=" ">
    <subfield code="a">9957241710</subfield>
  </datafield>
  <datafield tag="040" ind1=" " ind2=" ">
    <subfield code="c">fsecg</subfield>
  </datafield>
  <datafield tag="041" ind1=" " ind2=" ">
    <subfield code="a">ara</subfield>
  </datafield>
  <datafield tag="082" ind1=" " ind2=" ">
    <subfield code="a">330</subfield>
  </datafield>
  <datafield tag="100" ind1=" " ind2=" ">
    <subfield code="a">&#x639;&#x628;&#x62F; &#x627;&#x644;&#x631;&#x62D;&#x64A;&#x645;&#x60C; &#x62D;&#x633;&#x646; &#x62A;&#x648;&#x641;&#x64A;&#x642;</subfield>
    <subfield code="e">&#x645;&#x624;&#x644;&#x641;</subfield>
  </datafield>
  <datafield tag="245" ind1=" " ind2="0">
    <subfield code="a">&#x645;&#x628;&#x627;&#x62F;&#x626; &#x627;&#x644;&#x625;&#x642;&#x62A;&#x635;&#x627;&#x62F; &#x627;&#x644;&#x62C;&#x632;&#x626;&#x64A; /</subfield>
    <subfield code="c"> &#x62D;&#x633;&#x646; &#x62A;&#x648;&#x641;&#x64A;&#x642; &#x639;&#x628;&#x62F; &#x627;&#x644;&#x631;&#x62D;&#x64A;&#x645;</subfield>
  </datafield>
  <datafield tag="260" ind1=" " ind2=" ">
    <subfield code="a">&#x639;&#x645;&#x627;&#x646;: </subfield>
    <subfield code="b">&#x62F;&#x627;&#x631; &#x635;&#x641;&#x627;&#x621;, </subfield>
    <subfield code="c">2005</subfield>
  </datafield>
  <datafield tag="300" ind1=" " ind2=" ">
    <subfield code="a">445  &#x635;&#x641;&#x62D;&#x629;&#x61B; </subfield>
    <subfield code="b">&#x625;&#x64A;&#x636;&#x627;&#x62D;&#x627;&#x62A; &#x61B;</subfield>
    <subfield code="c">25 &#x633;&#x645;</subfield>
  </datafield>
  <datafield tag="520" ind1=" " ind2=" ">
    <subfield code="a">&#x627;&#x644;&#x645;&#x634;&#x643;&#x644;&#x629; &#x627;&#x644;&#x625;&#x642;&#x62A;&#x635;&#x627;&#x62F;&#x64A;&#x629; &#x648;&#x627;&#x644;&#x645;&#x641;&#x627;&#x647;&#x64A;&#x645; &#x627;&#x644;&#x645;&#x62A;&#x639;&#x644;&#x642;&#x629; &#x628;&#x647;&#x627;-&#x639;&#x644;&#x645; &#x627;&#x644;&#x625;&#x642;&#x62A;&#x635;&#x627;&#x62F; &#x648;&#x623;&#x646;&#x648;&#x627;&#x639;&#x647;- &#x646;&#x638;&#x631;&#x64A;&#x629; &#x627;&#x644;&#x642;&#x64A;&#x645;&#x629; &#x648;&#x627;&#x644;&#x637;&#x644;&#x628; &#x639;&#x644;&#x649; &#x627;&#x644;&#x633;&#x644;&#x639; &#x648;&#x627;&#x644;&#x62E;&#x62F;&#x645;&#x627;&#x62A;- &#x627;&#x644;&#x639;&#x631;&#x636; &#x645;&#x646; &#x627;&#x644;&#x633;&#x644;&#x639; &#x648;&#x627;&#x644;&#x62E;&#x62F;&#x645;&#x627;&#x62A;- &#x62A;&#x641;&#x627;&#x639;&#x644; &#x642;&#x648;&#x64A; &#x627;&#x644;&#x637;&#x644;&#x628; &#x648;&#x627;&#x644;&#x639;&#x631;&#x636; &#x641;&#x64A; &#x627;&#x644;&#x633;&#x648;&#x642;- &#x627;&#x644;&#x645;&#x631;&#x648;&#x646;&#x627;&#x62A;- &#x633;&#x644;&#x648;&#x643; &#x627;&#x644;&#x645;&#x633;&#x62A;&#x647;&#x644;&#x643;- &#x627;&#x644;&#x625;&#x646;&#x62A;&#x627;&#x62C; &#x648;&#x627;&#x644;&#x62A;&#x643;&#x627;&#x644;&#x64A;&#x641;- &#x62A;&#x648;&#x627;&#x632;&#x646; &#x627;&#x644;&#x645;&#x624;&#x633;&#x633;&#x629; &#x641;&#x64A; &#x638;&#x644; &#x627;&#x644;&#x623;&#x633;&#x648;&#x627;&#x642; &#x627;&#x644;&#x645;&#x62E;&#x62A;&#x644;&#x641;&#x629;- &#x623;&#x633;&#x648;&#x627;&#x642; &#x639;&#x646;&#x627;&#x635;&#x631; &#x627;&#x644;&#x625;&#x646;&#x62A;&#x627;&#x62C;</subfield>
  </datafield>
  <datafield tag="653" ind1=" " ind2=" ">
    <subfield code="a">&#x627;&#x644;&#x623;&#x633;&#x648;&#x627;&#x642;</subfield>
  </datafield>
  <datafield tag="653" ind1=" " ind2=" ">
    <subfield code="a">&#x627;&#x644;&#x625;&#x642;&#x62A;&#x635;&#x627;&#x62F;</subfield>
  </datafield>
  <datafield tag="653" ind1=" " ind2=" ">
    <subfield code="a">&#x627;&#x644;&#x625;&#x646;&#x62A;&#x627;&#x62C;</subfield>
  </datafield>
  <datafield tag="653" ind1=" " ind2=" ">
    <subfield code="a">&#x627;&#x644;&#x62A;&#x643;&#x627;&#x644;&#x64A;&#x641;</subfield>
  </datafield>
  <datafield tag="653" ind1=" " ind2=" ">
    <subfield code="a">&#x627;&#x644;&#x637;&#x644;&#x628; &#x648;&#x627;&#x644;&#x639;&#x631;&#x636;</subfield>
  </datafield>
  <datafield tag="653" ind1=" " ind2=" ">
    <subfield code="a">&#x633;&#x644;&#x648;&#x643; &#x627;&#x644;&#x645;&#x633;&#x62A;&#x647;&#x644;&#x643;</subfield>
  </datafield>
  <datafield tag="942" ind1=" " ind2=" ">
    <subfield code="c">&#x643;&#x62A;&#x627;&#x628;</subfield>
  </datafield>
  <datafield tag="999" ind1=" " ind2=" ">
    <subfield code="c">43171</subfield>
    <subfield code="d">43171</subfield>
  </datafield>
</record>
